| 000 | 00481cam a22001457a 4500 | ||
|---|---|---|---|
| 008 | 180718b1980 xxu||||| |||| 00| 0 eng d | ||
| 082 | _aWx54 In2tpc | ||
| 100 | _aIndia. National Transport Policy Committee | ||
| 245 |
_aReport of the National Transport Policy Committee _cby Planning Commission |
||
| 260 |
_aNew Delhi _bPlanning Commission _c1980 |
||
| 300 | _a393+p. | ||
| 500 | _aChairman: B.D. Pande | ||
| 700 | _aIndia. Planning Commission | ||
| 700 | _aPande, B.D. (Chairman) | ||
| 999 |
_c489977 _d489977 |
||